Introduction to population (Record no. 1393)

000 -LEADER
fixed length control field nam a22 a 4500
005 - DATE AND TIME OF LATEST TRANSACTION
control field 20170509124747.0
008 - FIXED-LENGTH DATA ELEMENTS--GENERAL INFORMATION
fixed length control field 170509s1977 enkabk | 001 | eng d
020 ## - INTERNATIONAL STANDARD BOOK NUMBER
International Standard Book Number 013493122X
040 ## - CATALOGING SOURCE
Original cataloging agency AKMAL
082 ## - DEWEY DECIMAL CLASSIFICATION NUMBER
Classification number 301.32 MAT
090 ## - LOCALLY ASSIGNED LC-TYPE CALL NUMBER (OCLC); LOCAL CALL NUMBER (RLIN)
Classification number (OCLC) (R) ; Classification number, CALL (RLIN) (NR) 301.32
Local cutter number (OCLC) ; Book number/undivided call number, CALL (RLIN) MAT
100 1# - MAIN ENTRY--PERSONAL NAME
Personal name Matras, Judah.
9 (RLIN) 2738
245 10 - TITLE STATEMENT
Title Introduction to population
Remainder of title a sociological approach
Statement of responsibility, etc. Judah Matras.
260 ## - PUBLICATION, DISTRIBUTION, ETC.
Place of publication, distribution, etc. Englewood Cliffs
Name of publisher, distributor, etc. Prentice-Hall
Date of publication, distribution, etc. 1977.
300 ## - PHYSICAL DESCRIPTION
Extent x,452p
Other physical details ill., forms, maps
Dimensions 24 cm
500 ## - GENERAL NOTE
General note Text on lining papers.
500 ## - GENERAL NOTE
General note Bibliography: p.427-441. _ Includes index.
599 ## - LOCAL NOTE
Local Note DALAM PROSES
650 ## - SUBJECT ADDED ENTRY--TOPICAL TERM
Topical term or geographic name entry element Population.
9 (RLIN) 2739
852 4# - LOCATION
Location British Library
Sublocation or collection DSC
852 41 - LOCATION
Location British Library
Sublocation or collection HMNTS
942 ## - ADDED ENTRY ELEMENTS (KOHA)
Source of classification or shelving scheme
Koha item type Book
Holdings
Withdrawn status Lost status Source of classification or shelving scheme Damaged status Not for loan Collection code Home library Current library Shelving location Date acquired Inventory number Total Checkouts Full call number Barcode Date last seen Price effective from Koha item type
          NON-FICTION AKMAL Melaka AKMAL Melaka PINJAMAN 09.05.2017 300831   301.32 MAT 201702642 09.05.2017 09.05.2017 Book
Pusat Sumber Maklumat Dato' Haji Sarmin Md Hussin, Akademi Kastam Diraja Malaysia, Melaka
Tel: 06-2331106 | Faks: 06-2313787